Rise of the young Turks : politics, the military and Ottoman collapse

Αποθηκεύτηκε σε:
Λεπτομέρειες βιβλιογραφικής εγγραφής
Κύριος συγγραφέας: Turfan, M. Naim (Mehmed Naim), 1946-1998
Μορφή: Βιβλίο
Γλώσσα:English
Δημοσίευση: London : I.B. Tauris, c2000.
Θέματα:
Ετικέτες: Προσθήκη ετικέτας
Δεν υπάρχουν, Καταχωρήστε ετικέτα πρώτοι!

MARC

LEADER 00000cam a2200000 i 4500
001 1/1202
008 000417s2000 enk| ||| |||| ||eng||
020 |a 186064533X 
035 |l 10059931 
040 |a GR-MyUa  |b gre  |e AACR2 
041 0 |a eng 
082 7 |a 956.1015   |2 (22) 
100 1 |a Turfan, M. Naim   |q (Mehmed Naim),   |d 1946-1998. 
245 1 0 |a Rise of the young Turks :   |b politics, the military and Ottoman collapse /   |c N. Naim Turfan. 
260 |a London :   |b I.B. Tauris,   |c c2000. 
300 |a 489 σ. ;   |c 24 εκ. 
504 |a Περιλαμβάνει βιβλιογραφικές παραπομπές και ευρετήριο. 
651 0 |a Turkey  |x History  |y 20th century. 
651 0 |a Turkey  |x History  |y Ottoman Empire, 1288-1918. 
651 0 |a Turkey  |x Politics and government  |y 1909-1918. 
852 |a INST  |b LESVOS  |e 20000417  |h 956.1015 TUR  |p 005100023184  |q 005100023184  |t BK  |y 0 
901 |a BIBL1-2000-1 
922 |a 1ΕΛΗ  |b 200002  |c ΚΠΣ/ΤΚΑ  |d GLORY 
950 |a 117-1999-12-15 
970 |a ΤΖΑΦΕΡΗ  |b ΕΥΑΓΓΕΛΙΑ  |z 2000/04/17